Estudios Esenciales para el Cristiano (Registro nro. 33966)
[ vista simple ]
| 000 -LÍDER | |
|---|---|
| Campo fijo de descripción fija | 007690000a22001930004500 |
| 001 - NÚMERO DE CONTROL | |
| Campo de control | 3286 |
| 041 0# - CÓDIGO DE IDIOMA | |
| Código de idioma para texto/pista de sonido o título separado | |
| 082 04 - NÚMERO DE CLASIFICACIÓN DECIMAL DEWEY | |
| Número de clasificación | G 230.011 M67834e |
| 110 1# - ASIENTO PRINCIPAL--NOMBRE CORPORATIVO | |
| Nombre corporativo o de jurisdicción como elemento de entrada | Misión Presbiteriana Cumberland |
| 245 10 - TÍTULO | |
| Título del Material | Estudios Esenciales para el Cristiano |
| 260 ## - PUBLICACIÓN, DISTRIBUCIÓN, ETC. (PIE DE IMPRENTA) | |
| Lugar de publicación, distribución, etc. | Cali, Colombia : América |
| 300 ## - DESCRIPCIÓN FÍSICA | |
| Extensión | 104 Pag |
| 336 ## - CONTENT TYPE | |
| Content type term | texto |
| Content type code | txt |
| Source | rdacontent |
| 337 ## - MEDIA TYPE | |
| Source | rdamedia |
| Media type term | sin mediación |
| Media type code | n |
| 338 ## - CARRIER TYPE | |
| Source | rdacarrier |
| Carrier type term | volumen |
| Carrier type code | nc |
| 505 00 - NOTA DE CONTENIDO | |
| Nota de contenido con formato preestablecido | - Doctrina cristiana: - Las Sagradas Escrituras - La Santa Trinidad - La relación entre Dios y el hombre - Los Sacramentos de la iglesia - El renacimiento - Estudios variados: - La vida cristiana - Deberes de los miembros de la iglesia - Creencias erronea - Tolerancia religiosa |
| 650 14 - ASIENTO SECUNDARIO DE MATERIA - TERMINO TEMÁTICO | |
| Término temático o nombre geográfico como elemento de entrada | TEOLOGIA DOGMATICA |
| 942 ## - TIPO DE MATERIAL (KOHA) | |
| Tipo de Item KOHA | Libros General |
| Estado de Material | Estado de Perdido | Estado de Dañado | No para Préstamo | Colección | Tomo | Biblioteca de Origen | Biblioteca Permanente | Fecha de Adquisición | Total de Préstamos | Signatura Topográfica | Código de Barras | Última vez visto | Ejemplar/Existencia | Fecha de Remplazo | Tipo de Material |
|---|---|---|---|---|---|---|---|---|---|---|---|---|---|---|---|
| Colección General | Biblioteca FUSBC | Biblioteca FUSBC | 01/12/2004 | G 230.011 M67834e | 2765 | 12/12/2019 | 1 | 26/01/2016 | Libros General |
